000 00229 a2200097 4500
001 51114
100 _aCook R D
245 _aConcept & Application of Finite Element
260 _aNew York
_bJohn Wiley
_c
090 _c32374
_d32374
942 _aNUST-CAE
_cM
_c24863
999 _c286187
_d286187